000 00435nam a22001577a 4500
003 MPLRDC
005 20220104193355.0
008 210129b ||||| |||| 00| 0 eng d
082 _aDISC
100 _aJOSHUA PIVEN, DAVID BORGENICHT
245 _aTHE WORST-CASE SCENARIO SURVIVAL HANDBOOK--1 DISC
_c
250 _a1ST ED.
260 _aU.S.A.
_bBOOK SOUP PUBLISHING INC
_c2007
650 _aRESCUE OPERATIONS
942 _cCDA
_oDISC
999 _c65167
_d65157